ბათუმის შოთა რუსთაველის სახელმწიფო უნივერსიტეტის ბიბლიოთეკა

რჩეული პედაგოგიური თხზულებანი.ტ.2. Избранные педагогические сочинения.Т.2. (ბიბ.ჩანაწერი № 44909)

000 -LEADER
fixed length control field 00983nam a2200217Ia 4500
001 - CONTROL NUMBER
control field 11728
003 - CONTROL NUMBER IDENTIFIER
control field GE_BSU
008 - FIXED-LENGTH DATA ELEMENTS--GENERAL INFORMATION
fixed length control field 181216s||||||||xx |||||||||||||| ||und||
040 ## - CATALOGING SOURCE
Transcribing agency GE_BSU
080 ## - UNIVERSAL DECIMAL CLASSIFICATION NUMBER
Universal Decimal Classification number 37.01+371.3+37.02
100 ## - MAIN ENTRY--PERSONAL NAME
Personal name უშინსკი,კ.დ. Ушинский,К. Д.
245 ## - TITLE STATEMENT
Title რჩეული პედაგოგიური თხზულებანი.ტ.2. Избранные педагогические сочинения.Т.2.
245 ## - TITLE STATEMENT
Statement of responsibility, etc. რედ:დ.ლორთქიფანიძე; თარგმ:ივ.კვაჭაძის.
260 ## - PUBLICATION, DISTRIBUTION, ETC.
Place of publication, distribution, etc. თბილისი
260 ## - PUBLICATION, DISTRIBUTION, ETC.
Name of publisher, distributor, etc. ინ-ტის გამ-ბა
260 ## - PUBLICATION, DISTRIBUTION, ETC.
Date of publication, distribution, etc. 1950
300 ## - PHYSICAL DESCRIPTION
Extent 540გვ;20სმ.
300 ## - PHYSICAL DESCRIPTION
Other physical details სახელთა საძიებ.გვ:537
653 ## - INDEX TERM--UNCONTROLLED
Uncontrolled term რჩეული პედაგოგიური თხზულებანი.ტ.2. Избранные педагогические сочинения.Т.2.
942 ## - ADDED ENTRY ELEMENTS (KOHA)
Koha item type წიგნი
ეგზემპლარები
Withdrawn status Lost status Damaged status Not for loan Date acquired Barcode Date last seen Price effective from Koha item type
        2018-12-17 20315 2018-12-17 2018-12-17 წიგნი
        2018-12-17 20316 2018-12-17 2018-12-17 წიგნი